00818nam a22002297a 450000500170000000800410001702000150005804000720007304100080014506000110015324501060016425000120027026000610028230000390034365000340038265000490041665000170046565000170048265000270049970000360052670000260056220240524114814.0130821s1996 xxua gr eng  a0815133405 aCo-BoUCMbspacDavid Moreno (modificó)dDavid Moreno (modificó)00aeng00aWG 16600aPrinciples and practice of cardiopulmonary physical therapyceditor Donna Frownfelter, Elizabeth Dean a3a. Ed. aSan Luis (Misuri, Estados Unidos)bMosby-Year Bookc1996 axxii, 787 páginasbilustraciones04aAparato genitalxEnfermedades04aEnfermedades respiratoriasxRehabilitación04aFisioterapia04aNeumología04aPulmonesxEnfermedades1 aDean, Elizabethq(Elizabeth W.)1 aFrownfelter, Donna L.